000 00632cam a2200241 4500
008 090401t1995 xxu||||| |||| 00| 0 eng d
020 _a1860810314
035 _a(Sirsi) u59200
041 _aeng
050 _a690
110 _aBuilding Research Establishment
245 _aTimber for joinery.
260 _aGarston, Watford
_bBuilding Research Establishment
_c1995
300 _a8p. : ill. ; 30cm.
350 _a0
490 _aBRE Digest
_v407
650 _aHARDWOODS
650 _aSOFTWOODS
650 _aTIMBER FOR JOINERY
690 _aBUILT ENVIRONMENT-BUILDING MATERIALS
942 _n0
948 _c04/03/1997
999 _c94129
_d94129